00567pam a2200205 a 4500001000800000005001700008008004100025010001700066020002200083040001800105041000800123042000900131043001200140080001900152082002300171100000700194101000800201245008800209504006400297355895120180312051555.0980220s1998 mnua d b 001 0 eng  a 98006036  a1575420279 (pbk.) aDLCcDLCdDLC aeng alcac an-us--- a646.700835 BEN00a646.700835 BEN2211 a25 aEDU10aWhat teens need to succeed :cPeter L. Benson, Judy Galbraith, and Pamela Espeland. aIncludes bibliographical references (p. 342-347) and index.